| 000 | 00773nam a2200229 a 4500 | ||
|---|---|---|---|
| 001 | 000011214 | ||
| 005 | 20240412074224.0 | ||
| 008 | 091015s2004 dr r 000 j spa d | ||
| 020 | _a9993422614 | ||
| 040 |
_aDO-SdBNP _bspa _cBNPHU |
||
| 082 |
_aRD861.44 _bR621c |
||
| 100 | 1 |
_aRivera del Monte, Francisco, _d1954- _926775 |
|
| 245 | 1 | 0 |
_aCicatrices / _cFrancisco Rivera del Monte ; prólogo Víctor Espinal. |
| 260 |
_aSanto Domingo : _b[s.n.], _c2004. |
||
| 300 |
_a132 p. ; _c21 cm. |
||
| 500 | _aIncluye datos biográficos del autor en la contracubierta | ||
| 590 | _aInventariado, 2018/BT | ||
| 650 | 0 |
_aPoesía dominicana _966 |
|
| 650 | 0 |
_aLiteratura dominicana. _967 |
|
| 700 | 1 | 2 |
_aEspinal, Víctor, _epról. _926776 |
| 910 | _aValidado. Control de calidad. MFF | ||
| 999 |
_c10933 _d10933 |
||